|
|
|
|
| LEADER |
00000ny a22000003n 4500 |
| 005 |
2011050902062.0 |
| 008 |
080704s20039999sp r s 000 a0spa c |
| 035 |
|
|
|a 11
|
| 040 |
|
|
|a UMA.RE
|d vlex
|
| 080 |
|
|
|a 34(460)(0.034)
|
| 090 |
|
|
|c 1479
|d 1479
|
| 245 |
0 |
0 |
|a Revista de Derecho vLex
|h [Recurso electrn̤ico]
|
| 256 |
|
|
|a Servicio en ln̕ea
|
| 260 |
|
|
|a Barcelona :
|b vLex
|
| 310 |
|
|
|a Mensual
|
| 506 |
1 |
|
|a Contenido solo disponible en los productos indicados
|d vLex Global
|d vLex Global (Academic Edition, excluding Law Schools)
|d vLex Global (U.S. Academic Edition, Law Schools)
|d vLex Global (U.S. Academic Edition, excluding Law Schools)
|d vLex Global (Academic Edition, Law Schools)
|
| 650 |
0 |
7 |
|a Societario
|2 Tesauro vLex
|
| 650 |
0 |
7 |
|2 Tesauro vLex
|a Arrendamientos urbanos
|
| 650 |
0 |
7 |
|2 Tesauro vLex
|a Arrendamiento de vivienda
|
| 650 |
0 |
7 |
|2 Tesauro vLex
|a Propiedad horizontal
|
| 650 |
0 |
7 |
|2 Tesauro vLex
|a Permuta
|
| 650 |
0 |
7 |
|2 Tesauro vLex
|a Accin̤ reivindicatoria
|
| 650 |
0 |
7 |
|2 Tesauro vLex
|a Retracto convencional
|
| 740 |
0 |
|
|a vLex Revista (Servicios en ln̕ea)
|
| 853 |
|
|
|8 1
|i (year)
|j (month)
|k (day)
|
| 856 |
4 |
0 |
|z Acceso restringido
|u http://vlex.com/source/revista-derecho-vlex-11
|
| 942 |
|
|
|c REV
|